00347nam a2200121 a 45000010005000000030005000050050017000100080041000270400020000681000027000882450090001152600020002052285CDMR20130312183901.0130130s1975||||||||||||||||||||||||||||d aCDMRbcatcCDMR1 aMatías Guiu, Armando13aLa programación infantil de emisorascArmando Matias Guiub: como medio informativo aBarcelonac1975